Living without walls : (Registro nro. 70488)
[ vista simple ]
| 000 -LÍDER | |
|---|---|
| Campo fijo de descripción fija | 01465nab a2200253 i 4500 |
| 001 - NÚMERO DE CONTROL | |
| Campo de control | 768714001 |
| 003 - IDENTIFICADOR DEL NÚMERO DE CONTROL | |
| Campo de control | CO-MdFUSB |
| 005 - FECHA Y HORA DE LA ULTIMA TRANSACCIÓN | |
| control field | 20240712120731.0 |
| 008 - ELEMENTOS DE LONGITUD FIJA -- INFORMACIÓN GENERAL | |
| Campo fijo de descripción fija -- Información general | 240712t2002 sz ||||| |||| 00| 0 eng d |
| 040 ## - FUENTE DE CATALOGACIÓN | |
| Idioma de catalogación | spa |
| Agencia que realiza la transcripción | CO-MdFUSB |
| Agencia que realiza la modificación | CO-MdFUSB |
| 041 ## - CÓDIGO DE IDIOMA | |
| Código de idioma para texto/pista de sonido o título separado | eng |
| 100 ## - ASIENTO PRINCIPAL--NOMBRE PERSONAL | |
| Nombre personal | Cruchley-Jones, Peter, |
| Término relacionador | autor |
| 245 ## - TÍTULO | |
| Título | Living without walls : |
| Subtitulo | mission in the rupture |
| Mención de responsabilidad | / Peter Cruchley-Jones |
| 520 ## - NOTA DE RESUMEN, ETC. | |
| Nota de sumario, etc. | El alejamiento de la eclesiología como nuestro enfoque y propósito siempre es difícil de mantener. Incluso cuando compartimos la misión en unidad, todavía existe la posibilidad de que esto sea solo eclesiología al cuadrado. <br/>En cambio, en toda vulnerabilidad, podemos intentar, como Jeremías, entrar en el nuevo lugar que habitamos, cantando el cántico del Señor, escuchando su voz y buscando nuevas señales de su presencia en la misión más allá de los confines de la iglesia. Esto podría enseñarnos también a vivir la visión de Zacarías de una ciudad sin murallas. |
| 546 ## - NOTA DE IDIOMA | |
| Nota de idioma | Texto en inglés. |
| 630 07 - PUNTO DE ACCESO ADICIONAL DE MATERIA - TÍTULO UNIFORME | |
| Título uniforme | Biblia. |
| Parte o sección de la obra | Antiguo Testamento |
| Subdivisión de materia general | Crítica, interpretación, etc. |
| 650 #7 - ASIENTO SECUNDARIO DE MATERIA - TERMINO TEMÁTICO | |
| Término temático o nombre geográfico como elemento de entrada | Hermenéutica bíblica |
| 9 (RLIN) | 7333 |
| 650 #0 - ASIENTO SECUNDARIO DE MATERIA - TERMINO TEMÁTICO | |
| Término temático o nombre geográfico como elemento de entrada | Misiones |
| 9 (RLIN) | 154 |
| 650 #7 - ASIENTO SECUNDARIO DE MATERIA - TERMINO TEMÁTICO | |
| Término temático o nombre geográfico como elemento de entrada | Teología dogmática |
| 9 (RLIN) | 6937 |
| 650 #7 - ASIENTO SECUNDARIO DE MATERIA - TERMINO TEMÁTICO | |
| Término temático o nombre geográfico como elemento de entrada | Iglesia |
| 9 (RLIN) | 655 |
| 773 0# - ASIENTO DE ITEM FUENTE | |
| Biblionumber | 49396 |
| Itemnumber | 59513 |
| Lugar, editorial y fecha de publicación | Ginebra |
| Otro identificador del ítem | R1163 |
| Título | Reformed World |
| Número de control del registro | (CO-MdFUSB)38 |
| Número Internacional Normalizado para Publicaciones Seriadas (ISSN) | 0034-3056 |
| Parte(s) relacionada(s) / Volumen., número. (mes año), páginas | Volumen 52, (número 2, 2002) páginas: 94 - 104 |
| Enumeración y primera página | página: 94 |
| 942 ## - TIPO DE MATERIAL (KOHA) | |
| Tipo de Item KOHA | Artículos de Revista |
| 945 ## - INFORMACIÓN LOCAL DEL REGISTRO | |
| Catalogador | Catherine Arias Alvarez - Practicante SENA |
No hay ítems disponibles.
